[Event "Torneo A"]
[Site "Bratto ITA"]
[Date "2005.08.23"]
[EventDate "2005.08.20"]
[Round "4"]
[Result "1-0"]
[White "Vladimir Epishin"]
[Black "Umberto Scotti"]
[WhiteElo "2600"]
[BlackElo "2158"]
[PlyCount "50"]

1. d4 d5 2. c4 e6 3. Nf3 c6 4. b3 Bb4+ 5. Nbd2 f5 6. g3 Nf6 7. Bg2 O-O 8. O-O
Nbd7 9. Qc2 Ne4 10. e3 Bd6 11. Bb2 Ndf6 12. Ne5 Bd7 13. Ndf3 Rc8 14. Rac1 Qe7
15. Ne1 Ng5 16. N1d3 Ng4 17. Qe2 Nxe5 18. dxe5 Ba3 19. Rfd1 Ne4 20. Bxa3 Qxa3
21. f3 Ng5 22. Qd2 Qe7 23. Qa5 Be8 24. h4 b6 25. Qa6 1-0